| 000 | 00787cam a22002171 4500 | ||
|---|---|---|---|
| 001 | 4532601 | ||
| 005 | 19810706000000.0 | ||
| 008 | 711124s1975 nyu | 000 0 eng d | ||
| 010 | _a 65014672 | ||
| 040 |
_aDLC _cDLC _dDLC |
||
| 050 | 0 | 0 |
_aRC480.5 _b.G55 |
| 082 | 0 | 0 |
_a616.8914 _222 _bGLA |
| 100 | 1 |
_aGlasser, William, _d1925- _910395 |
|
| 245 | 1 | 0 |
_aReality Therapy: _bA New Approach to Psychiatry/ _cWilliam Glasser; With a foreword by O. H. Mowrer. |
| 260 |
_aNew York, _bHarper & Row,[1975] _c[1975] |
||
| 300 |
_axxii, 206 p.; _c22 cm. |
||
| 500 | _aDonated by: Alaa Abdel Ghany | ||
| 650 | 0 |
_aReality therapy. _910396 |
|
| 942 |
_2ddc _cBB |
||
| 999 |
_c13144 _d13144 |
||